| 000 | 00904nam a2200265 a 4500 | ||
|---|---|---|---|
| 001 | 62448 | ||
| 003 | BD-RjUL | ||
| 005 | 20211209081104.0 | ||
| 008 | 170124s1989 nyua 001 0 eng d | ||
| 020 | _a0070356009 | ||
| 035 | _a(BD-RjUL)62574 | ||
| 040 |
_aBD-RjUL _beng _cBD-RjUL _dBD-RjUL |
||
| 041 | _aeng | ||
| 080 | _a658 | ||
| 082 |
_223 _a658.4038 _bKOH 1989 |
||
| 100 |
_aKozar, Kenneth A. _9185725 |
||
| 245 | 1 | 0 |
_aHumanized information systems analysis and design : _bpeople building systems for people / _cKenneth A. Kozar. |
| 260 |
_aNew York ; _aNew Delhi ; _aLondon : _bMcGraw-Hill, _cc1989. |
||
| 300 |
_axx, 506 p : _bill. ; _c22 cm. |
||
| 490 | _aMcGraw-Hill series in management information systems. | ||
| 500 | _aIncludes index. | ||
| 650 |
_aManagement information systems. _9182156 |
||
| 830 |
_aMcGraw-Hill series in management information systems. _9185726 |
||
| 942 |
_2ddc _cBK |
||
| 999 |
_c62448 _d62448 |
||